Flags of Europe in 1992 - Statistics

General Stats
  • This quiz has been taken 369 times
    318 since last reset
  • The average score is 39 of 41
Answer Stats
Picture Answer % Correct
Iceland
98%
Ireland
98%
Vatican City
98%
Albania
97%
Croatia
97%
Denmark
97%
Finland
97%
France
97%
Greece
97%
Italy
97%
Netherlands
97%
Norway
97%
Portugal
97%
Spain
97%
Sweden
97%
Switzerland
97%
United Kingdom
97%
Belgium
96%
Estonia
96%
Germany
96%
Luxembourg
96%
Romania
96%
San Marino
96%
Austria
95%
Bulgaria
95%
Latvia
95%
Malta
95%
Poland
95%
Slovenia
95%
Ukraine
95%
Hungary
94%
Monaco
94%
Andorra
93%
Liechtenstein
93%
Lithuania
93%
Moldova
93%
Czechoslovakia
92%
Russia
92%
Yugoslavia
92%
Macedonia
78%
Belarus
57%
No matching quizzes found
Score Distribution
Percent of People with Each Score
Percentile by Number Answered
Your Score History
You have not taken this quiz since the last reset